000 00287nam a22001337a 4500
008 171003b xxu||||| |||| 00| 0 eng d
020 _a9780071614191
041 _aeng
080 _a159.9
100 _a48
101 _aPSI
245 _aTHE RIGHT DECISION
_cSTEIN,J
942 _2udc
_cBK
999 _c31419
_d31419